Yawezekana (Record no. 10223)

MARC details
000 -LEADER
fixed length control field 00428nam a2200169Ia 4500
003 - CONTROL NUMBER IDENTIFIER
control field OSt
005 - DATE AND TIME OF LATEST TRANSACTION
control field 20250730161729.0
008 - FIXED-LENGTH DATA ELEMENTS--GENERAL INFORMATION
fixed length control field 230222s9999||||xx |||||||||||||| ||und||
020 ## - INTERNATIONAL STANDARD BOOK NUMBER
International Standard Book Number 9789966101211
040 ## - CATALOGING SOURCE
Transcribing agency Chuka University Library
050 ## - LIBRARY OF CONGRESS CALL NUMBER
Classification number SPEC PL 8703.5
Item number K63 2007
100 ## - MAIN ENTRY--PERSONAL NAME
Personal name Kobia, John
9 (RLIN) 5598
245 #0 - TITLE STATEMENT
Title Yawezekana
260 ## - PUBLICATION, DISTRIBUTION, ETC.
Place of publication, distribution, etc. Nairobi
Date of publication, distribution, etc. KENYA LITERATURE BUREAU
Name of publisher, distributor, etc. 2007
300 ## - PHYSICAL DESCRIPTION
Extent 48p
942 ## - ADDED ENTRY ELEMENTS (KOHA)
Koha item type Long Loan Books
Koha issues (borrowed), all copies 5
Source of classification or shelving scheme Library of Congress Classification
Holdings
Withdrawn status Lost status Damaged status Not for loan Collection Home library Current library Shelving location Date acquired Total Checkouts Total Renewals Full call number Barcode Date last seen Date last checked out Price effective from Koha item type
        General Collection Books Main Campus Library Main Campus Library General Stacks 22/02/2023 5 1 SPEC PL 8703.5 .K63 2007 12535/2017 23/05/2024 15/05/2024 22/02/2023 Long Loan Books

Powered by Koha